[Event "DEM U10w 2023"]
[Site "Willingen GER"]
[Date "2023.05.31"]
[Round "6"]
[White "Buntin, Amelia Bernadette"]
[Black "Wieckowicz, Bui Havy"]
[Result "0-1"]
[Termination "normal"]
[Board "17"]
[WhiteElo "737"]
[BlackElo "1065"]
[WhiteClock "00:14:31"]
[BlackClock "00:57:07"]
[PlyCount "90"]
[WhiteFideId "34649581"]
[BlackFideId "34639926"]
[EventCountry "GER"]
[EventRounds "11"]
[EventType "swiss"]
[EventDate "2023.05.27"]

1. e4 {[%clk 01:15:56]} {[%emt 00:00:04]} c5 {[%clk 01:16:25]} {[%emt
00:00:05]} 2. Nc3 {[%emt 00:00:42]} Nc6 {[%clk 01:16:43]} {[%emt 00:00:09]} 3.
Nge2 {[%clk 01:15:49]} {[%emt 00:00:27]} g6 {[%clk 01:16:46]} {[%emt 00:00:28]}
4. g3 {[%clk 01:15:46]} {[%emt 00:00:23]} Bg7 {[%clk 01:17:14]} {[%emt
00:00:11]} 5. Bg2 {[%clk 01:15:22]} {[%emt 00:00:54]} e6 {[%clk 01:17:29]}
{[%emt 00:00:15]} 6. d3 {[%clk 01:06:17]} {[%emt 00:09:35]} Nge7 {[%clk
01:17:45]} {[%emt 00:00:15]} 7. Be3 {[%clk 01:06:25]} {[%emt 00:00:21]} Nd4
{[%clk 01:18:06]} {[%emt 00:00:09]} 8. Nxd4 {[%clk 01:05:17]} {[%emt 00:01:38]}
cxd4 {[%clk 01:16:32]} {[%emt 00:01:58]} 9. Bxd4 {[%clk 01:02:27]} {[%emt
00:03:27]} Bxd4 {[%emt 00:00:08]} 10. Nb5 {[%emt 00:00:15]} Bg7 {[%clk
01:16:14]} {[%emt 00:00:24]} 11. Nd6+ {[%clk 01:01:09]} {[%emt 00:01:48]} Kf8
{[%clk 01:15:59]} {[%emt 00:00:45]} 12. O-O {[%clk 00:58:40]} {[%emt 00:02:58]}
Be5 {[%clk 01:15:59]} {[%emt 00:00:31]} 13. Nc4 {[%clk 00:58:46]} {[%emt
00:00:23]} Bf6 {[%clk 01:15:35]} {[%emt 00:00:48]} 14. h3 {[%clk 00:58:12]}
{[%emt 00:01:07]} d6 {[%clk 01:15:50]} {[%emt 00:00:19]} 15. f4 {[%clk
00:58:01]} {[%emt 00:00:40]} Bd4+ {[%clk 01:15:44]} {[%emt 00:00:37]} 16. Kh2
{[%clk 00:58:06]} {[%emt 00:00:25]} Kg7 {[%clk 01:15:05]} {[%emt 00:01:04]} 17.
c3 {[%clk 00:54:48]} {[%emt 00:03:53]} Bc5 {[%clk 01:14:26]} {[%emt 00:01:07]}
18. e5 {[%clk 00:50:04]} {[%emt 00:05:13]} d5 {[%clk 01:14:31]} {[%emt
00:00:28]} 19. Nd2 {[%clk 00:44:32]} {[%emt 00:06:01]} Rf8 {[%emt 00:03:55]}
20. d4 {[%emt 00:03:25]} Bb6 {[%clk 01:10:48]} {[%emt 00:00:36]} 21. g4 {[%clk
00:41:01]} {[%emt 00:00:44]} f5 {[%clk 01:07:20]} {[%emt 00:04:33]} 22. Re1
{[%clk 00:40:29]} {[%emt 00:00:49]} Rb8 {[%clk 01:06:28]} {[%emt 00:01:34]} 23.
a4 {[%clk 00:39:30]} {[%emt 00:01:30]} a6 {[%clk 01:05:35]} {[%emt 00:01:22]}
24. a5 {[%clk 00:36:12]} {[%emt 00:03:49]} Ba7 {[%clk 01:05:26]} {[%emt
00:00:39]} 25. g5 {[%clk 00:36:19]} {[%emt 00:00:21]} b5 {[%clk 01:03:18]}
{[%emt 00:02:40]} 26. axb6 {[%clk 00:31:49]} {[%emt 00:04:59]} Bxb6 {[%clk
01:03:04]} {[%emt 00:00:44]} 27. Qe2 {[%clk 00:31:17]} {[%emt 00:01:02]} Ba7
{[%emt 00:01:25]} 28. Qf2 {[%emt 00:04:07]} Rxb2 {[%clk 01:01:34]} {[%emt
00:00:22]} 29. Re2 {[%clk 00:28:26]} {[%emt 00:00:26]} Qd7 {[%clk 01:00:30]}
{[%emt 00:01:32]} 30. Qh4 {[%clk 00:28:18]} {[%emt 00:00:40]} h5 {[%clk
00:59:59]} {[%emt 00:01:02]} 31. gxh6+ {[%clk 00:28:01]} {[%emt 00:02:39]} Kh7
{[%clk 00:56:56]} {[%emt 00:04:53]} 32. Rae1 {[%clk 00:29:24]} {[%emt
00:01:06]} Ng8 {[%clk 00:55:58]} {[%emt 00:01:29]} 33. Nf3 {[%clk 00:27:10]}
{[%emt 00:02:44]} Rxe2 {[%clk 00:56:06]} {[%emt 00:00:20]} 34. Ng5+ {[%clk
00:27:17]} {[%emt 00:00:25]} Kh8 {[%clk 00:55:45]} {[%emt 00:00:51]} 35. Rxe2
{[%clk 00:27:23]} {[%emt 00:00:20]} Qe7 {[%clk 00:49:45]} {[%emt 00:06:32]} 36.
h7 {[%clk 00:27:08]} {[%emt 00:00:46]} a5 {[%clk 00:45:56]} {[%emt 00:04:21]}
37. Ra2 {[%clk 00:27:10]} {[%emt 00:00:27]} Bb6 {[%clk 00:45:09]} {[%emt
00:01:17]} 38. Rc2 {[%clk 00:24:56]} {[%emt 00:02:37]} Ba6 {[%clk 00:44:04]}
{[%emt 00:01:42]} 39. Rb2 {[%clk 00:22:57]} {[%emt 00:02:29]} Bc7 {[%clk
00:44:01]} {[%emt 00:00:34]} 40. Rc2 {[%clk 00:19:06]} {[%emt 00:04:04]} Bd3
{[%clk 00:44:12]} {[%emt 00:00:35]} 41. Rd2 {[%clk 00:19:17]} {[%emt 00:00:18]}
Be4 {[%clk 00:44:13]} {[%emt 00:00:29]} 42. Bf1 {[%clk 00:17:52]} {[%emt
00:01:55]} a4 {[%clk 00:41:24]} {[%emt 00:03:20]} 43. Bb5 {[%clk 00:15:00]}
{[%emt 00:14:40]} Ba5 44. Bxa4 {[%clk 00:14:11]} {[%emt 00:04:30]} Bxc3 {[%clk
00:56:45]} {[%emt 00:00:08]} 45. Rc2 {[%clk 00:14:31]} {[%emt 00:00:12]} Bxc2
{[%clk 00:57:07]} {[%emt 00:00:07]} 0-1

[Event "DEM U10w 2023"]
[Site "Willingen GER"]
[Date "2023.05.31"]
[Round "6"]
[White "Bräutigam, Viktoria"]
[Black "Zietz, Leni"]
[Result "1-0"]
[Termination "normal"]
[Board "20"]
[WhiteElo "770"]
[BlackElo "893"]
[WhiteClock "01:03:42"]
[BlackClock "00:56:01"]
[PlyCount "43"]
[WhiteFideId "34638652"]
[EventCountry "GER"]
[EventRounds "11"]
[EventType "swiss"]
[EventDate "2023.05.27"]

1. e4 {[%clk 01:15:58]} c5 {[%clk 01:15:49]} {[%emt 00:00:11]} 2. Nf3 {[%clk
01:16:20]} {[%emt 00:00:08]} e6 {[%clk 01:16:11]} {[%emt 00:00:10]} 3. c3
{[%clk 01:16:02]} {[%emt 00:00:46]} a6 {[%clk 01:16:00]} {[%emt 00:00:42]} 4.
d4 {[%clk 01:14:35]} {[%emt 00:01:57]} Qc7 {[%clk 01:16:00]} {[%emt 00:00:31]}
5. Be3 {[%clk 01:08:53]} {[%emt 00:06:11]} Nf6 {[%clk 01:15:51]} {[%emt
00:00:39]} 6. Bd3 {[%clk 01:08:32]} {[%emt 00:00:50]} Be7 {[%clk 01:15:35]}
{[%emt 00:00:47]} 7. O-O {[%clk 01:08:04]} {[%emt 00:00:58]} O-O {[%clk
01:15:06]} {[%emt 00:00:59]} 8. e5 {[%clk 01:08:03]} {[%emt 00:00:31]} Nd5
{[%clk 01:12:29]} {[%emt 00:03:07]} 9. Bg5 {[%clk 01:07:44]} {[%emt 00:00:48]}
Bxg5 {[%clk 01:11:38]} {[%emt 00:01:22]} 10. Nxg5 {[%clk 01:07:53]} {[%emt
00:00:19]} b5 {[%clk 01:10:46]} {[%emt 00:01:24]} 11. Bxh7+ {[%clk 01:07:34]}
{[%emt 00:00:47]} Kh8 {[%clk 01:10:39]} {[%emt 00:00:38]} 12. Be4 {[%clk
01:07:11]} {[%emt 00:00:54]} g6 {[%clk 01:08:51]} {[%emt 00:02:18]} 13. Qf3
{[%clk 01:07:16]} {[%emt 00:00:23]} Kg7 {[%clk 01:08:09]} {[%emt 00:01:13]} 14.
Qh3 {[%clk 01:07:05]} {[%emt 00:00:41]} Rh8 {[%clk 01:08:21]} {[%emt 00:00:17]}
15. Qf3 {[%clk 01:05:26]} {[%emt 00:02:09]} Rf8 {[%clk 01:07:47]} {[%emt
00:01:05]} 16. Bxd5 {[%clk 01:05:37]} {[%emt 00:00:18]} exd5 {[%clk 01:07:26]}
{[%emt 00:00:52]} 17. Qf6+ {[%clk 01:05:27]} {[%emt 00:00:38]} Kh6 {[%clk
01:07:03]} {[%emt 00:00:55]} 18. Nd2 {[%clk 01:05:03]} {[%emt 00:00:54]} Qc6
{[%clk 01:02:42]} {[%emt 00:04:52]} 19. Qe7 {[%clk 01:04:11]} {[%emt 00:01:16]}
Rg8 {[%clk 01:01:38]} {[%emt 00:01:39]} 20. Ndf3 {[%clk 01:04:03]} {[%emt
00:00:38]} d6 {[%clk 00:56:15]} {[%emt 00:05:54]} 21. Qxf7 {[%clk 01:03:42]}
{[%emt 00:00:46]} Qe8 {[%clk 00:56:01]} {[%emt 00:00:49]} 22. Qh7# {[%emt
00:02:32]} 1-0

[Event "DEM U10w 2023"]
[Site "Willingen GER"]
[Date "2023.05.31"]
[Round "6"]
[White "Eßers, Mathilda Marie"]
[Black "Ebel, Io Cornelia"]
[Result "1-0"]
[Termination "normal"]
[Board "21"]
[WhiteElo "755"]
[BlackElo "768"]
[WhiteClock "01:01:46"]
[BlackClock "01:03:13"]
[PlyCount "119"]
[WhiteFideId "34684093"]
[EventCountry "GER"]
[EventRounds "11"]
[EventType "swiss"]
[EventDate "2023.05.27"]

1. e4 {[%clk 01:15:58]} e5 {[%clk 01:15:48]} {[%emt 00:00:13]} 2. Nf3 {[%clk
01:16:00]} {[%emt 00:00:26]} Nc6 {[%clk 01:16:00]} {[%emt 00:00:20]} 3. Bc4
{[%clk 01:15:40]} {[%emt 00:00:46]} Bc5 {[%clk 01:16:09]} {[%emt 00:00:23]} 4.
c3 {[%clk 01:15:51]} {[%emt 00:00:16]} d6 {[%clk 01:15:41]} {[%emt 00:01:03]}
5. d4 {[%clk 01:14:02]} {[%emt 00:02:20]} exd4 {[%clk 01:15:47]} {[%emt
00:00:24]} 6. cxd4 {[%clk 01:14:17]} {[%emt 00:00:14]} Bb4+ {[%clk 01:15:11]}
{[%emt 00:01:07]} 7. Bd2 {[%clk 01:14:38]} {[%emt 00:00:08]} Bxd2+ {[%clk
01:15:19]} {[%emt 00:00:22]} 8. Nbxd2 {[%clk 01:14:26]} {[%emt 00:00:42]} Nf6
{[%clk 01:15:23]} {[%emt 00:00:27]} 9. O-O {[%clk 01:14:00]} {[%emt 00:00:55]}
O-O {[%clk 01:15:00]} {[%emt 00:00:54]} 10. e5 {[%clk 01:14:11]} {[%emt
00:00:18]} dxe5 {[%clk 01:15:12]} {[%emt 00:00:19]} 11. dxe5 {[%clk 01:14:11]}
{[%emt 00:00:28]} Ng4 {[%clk 01:12:59]} {[%emt 00:02:44]} 12. Bd3 {[%clk
01:11:54]} {[%emt 00:02:45]} Ngxe5 {[%clk 01:12:32]} {[%emt 00:01:00]} 13. Nxe5
{[%clk 01:11:58]} {[%emt 00:00:24]} Nxe5 {[%clk 01:12:54]} {[%emt 00:00:09]}
14. Bb1 {[%clk 01:12:03]} {[%emt 00:00:24]} Ng4 {[%clk 01:12:18]} {[%emt
00:01:07]} 15. Qc2 {[%clk 01:11:33]} {[%emt 00:01:00]} Qh4 {[%clk 01:11:57]}
{[%emt 00:00:52]} 16. Nf3 {[%clk 01:11:44]} {[%emt 00:00:18]} Qh5 {[%clk
01:11:58]} {[%emt 00:00:27]} 17. h3 {[%clk 01:12:02]} {[%emt 00:00:14]} Nf6
{[%clk 01:11:36]} {[%emt 00:00:51]} 18. g4 {[%clk 01:11:36]} {[%emt 00:00:57]}
Bxg4 {[%clk 01:11:22]} {[%emt 00:00:44]} 19. hxg4 {[%clk 01:11:23]} {[%emt
00:00:42]} Qxg4+ {[%clk 01:10:41]} {[%emt 00:01:11]} 20. Kh2 {[%clk 01:11:22]}
{[%emt 00:00:30]} Qxf3 {[%clk 01:10:54]} {[%emt 00:00:18]} 21. Rg1 {[%clk
01:11:02]} {[%emt 00:00:50]} Qh5+ {[%clk 01:10:02]} {[%emt 00:01:23]} 22. Kg2
{[%clk 01:11:19]} {[%emt 00:00:14]} Rae8 {[%clk 01:09:39]} {[%emt 00:00:43]}
23. Qd3 {[%clk 01:11:11]} {[%emt 00:00:44]} Re5 {[%clk 01:09:17]} {[%emt
00:00:50]} 24. Qg3 {[%clk 01:11:13]} {[%emt 00:00:30]} Qg5 {[%clk 01:09:07]}
{[%emt 00:00:31]} 25. Kf1 {[%clk 01:11:06]} {[%emt 00:00:49]} Qc1+ {[%clk
01:07:39]} {[%emt 00:01:55]} 26. Kg2 {[%clk 01:11:20]} {[%emt 00:00:20]} Rg5
{[%emt 00:00:57]} 27. Bxh7+ {[%clk 01:11:27]} Kxh7 {[%clk 01:06:39]} {[%emt
00:01:23]} 28. Raxc1 {[%clk 01:11:47]} {[%emt 00:00:09]} Rxg3+ {[%clk
01:06:58]} {[%emt 00:00:13]} 29. Kxg3 {[%clk 01:11:57]} {[%emt 00:00:19]} Ne4+
{[%clk 01:07:16]} {[%emt 00:00:14]} 30. Kg2 {[%clk 01:12:01]} {[%emt 00:00:17]}
Rc8 {[%clk 01:07:00]} {[%emt 00:00:54]} 31. Rh1+ {[%clk 01:11:40]} {[%emt
00:00:49]} Kg6 {[%clk 01:06:28]} {[%emt 00:01:03]} 32. Rh4 {[%clk 01:10:55]}
{[%emt 00:01:16]} f5 {[%clk 01:06:16]} {[%emt 00:00:42]} 33. Rch1 {[%clk
01:10:07]} {[%emt 00:01:18]} Rd8 {[%clk 01:04:38]} {[%emt 00:02:08]} 34. Rh8
{[%clk 01:10:19]} {[%emt 00:00:18]} Rxh8 {[%clk 01:04:55]} {[%emt 00:00:14]}
35. Rxh8 {[%clk 01:08:29]} {[%emt 00:02:14]} c5 {[%clk 01:04:42]} {[%emt
00:00:48]} 36. Rb8 {[%clk 01:07:39]} {[%emt 00:01:19]} Nd6 {[%clk 01:04:36]}
{[%emt 00:00:37]} 37. Ra8 {[%clk 01:06:12]} {[%emt 00:01:55]} Nb5 {[%clk
01:04:27]} {[%emt 00:00:42]} 38. Re8 {[%clk 01:05:55]} {[%emt 00:00:34]} Kf7
{[%clk 01:04:45]} {[%emt 00:00:24]} 39. Re5 {[%clk 01:04:24]} {[%emt 00:01:53]}
g6 {[%clk 01:04:28]} {[%emt 00:00:55]} 40. Rxc5 {[%clk 01:04:37]} {[%emt
00:00:17]} a6 {[%clk 01:04:35]} {[%emt 00:00:24]} 41. a4 {[%clk 01:04:26]}
{[%emt 00:00:41]} b6 {[%clk 01:04:23]} {[%emt 00:00:42]} 42. Rc6 {[%clk
01:04:21]} {[%emt 00:00:22]} Nd4 {[%clk 01:04:19]} {[%emt 00:00:48]} 43. Rxb6
{[%clk 01:04:28]} {[%emt 00:00:21]} a5 {[%clk 01:04:18]} {[%emt 00:00:32]} 44.
b4 {[%clk 01:03:18]} {[%emt 00:01:39]} axb4 {[%clk 01:04:21]} {[%emt 00:00:28]}
45. Rxb4 {[%clk 01:03:32]} {[%emt 00:00:16]} Ne6 {[%clk 01:04:25]} {[%emt
00:00:26]} 46. Rb7+ {[%clk 01:02:00]} {[%emt 00:02:02]} Kf6 {[%clk 01:04:29]}
{[%emt 00:00:26]} 47. a5 {[%clk 01:02:20]} {[%emt 00:00:11]} Nf4+ {[%clk
01:04:38]} {[%emt 00:00:21]} 48. Kf3 {[%clk 01:01:49]} {[%emt 00:01:00]} Nd5
{[%clk 01:04:35]} {[%emt 00:00:32]} 49. a6 {[%clk 01:02:12]} {[%emt 00:00:08]}
Ne7 {[%clk 01:04:45]} {[%emt 00:00:19]} 50. a7 {[%emt 00:00:59]} Nc6 {[%clk
01:03:56]} {[%emt 00:00:25]} 51. a8=Q {[%clk 01:02:57]} {[%emt 00:00:09]} Nd4+
{[%clk 01:04:16]} {[%emt 00:00:10]} 52. Kg2 {[%clk 01:02:59]} {[%emt 00:00:28]}
g5 {[%clk 01:03:57]} {[%emt 00:00:50]} 53. Qa5 {[%clk 01:01:56]} {[%emt
00:01:29]} Nc6 {[%clk 01:03:59]} {[%emt 00:00:33]} 54. Qc5 {[%clk 01:01:42]}
{[%emt 00:00:39]} Ne7 {[%clk 01:04:09]} {[%emt 00:00:25]} 55. Qxe7+ {[%clk
01:01:25]} {[%emt 00:00:46]} Kg6 {[%emt 00:00:16]} 56. Qh7+ {[%emt 00:00:18]}
Kf6 {[%emt 00:00:13]} 57. Rb5 {[%emt 00:00:17]} f4 {[%clk 01:03:13]} {[%emt
00:00:23]} 58. Qh6+ {[%clk 01:01:46]} {[%emt 00:00:08]} Ke7 {[%emt 00:00:14]}
59. Rb7+ {[%emt 00:00:18]} Ke8 {[%emt 00:00:25]} 60. Qh8# {[%clk 01:01:46]}
{[%emt 00:00:10]} 1-0

[Event "DEM U10w 2023"]
[Site "Willingen GER"]
[Date "2023.05.31"]
[Round "7"]
[White "Tischlinger, Lara"]
[Black "Bohatyrova, Mariia"]
[Result "1/2-1/2"]
[Termination "normal"]
[Board "1"]
[WhiteElo "1238"]
[BlackElo "1357"]
[WhiteClock "00:27:46"]
[BlackClock "00:07:24"]
[PlyCount "54"]
[WhiteFideId "34663401"]
[BlackFideId "34165789"]
[EventCountry "GER"]
[EventRounds "11"]
[EventType "swiss"]
[EventDate "2023.05.27"]

1. e4 {[%clk 01:15:57]} {[%emt 00:00:03]} e5 {[%clk 01:15:57]} {[%emt
00:00:03]} 2. Nf3 {[%clk 01:16:22]} {[%emt 00:00:05]} Nc6 {[%clk 01:16:23]}
{[%emt 00:00:05]} 3. d4 {[%clk 01:16:46]} {[%emt 00:00:06]} exd4 {[%clk
01:16:48]} {[%emt 00:00:05]} 4. Nxd4 {[%clk 01:17:11]} {[%emt 00:00:04]} Bc5
{[%clk 01:17:12]} {[%emt 00:00:06]} 5. Nb3 {[%clk 01:17:34]} {[%emt 00:00:07]}
Bb6 {[%clk 01:17:39]} {[%emt 00:00:04]} 6. Qe2 {[%clk 01:17:55]} {[%emt
00:00:09]} d6 {[%clk 01:18:01]} {[%emt 00:00:08]} 7. Nc3 {[%clk 01:18:18]}
{[%emt 00:00:07]} Nf6 {[%clk 01:18:16]} {[%emt 00:00:14]} 8. Be3 {[%clk
01:18:39]} {[%emt 00:00:09]} Qe7 {[%clk 01:18:02]} {[%emt 00:00:44]} 9. f3
{[%clk 01:18:31]} {[%emt 00:00:38]} Be6 {[%clk 01:18:21]} {[%emt 00:00:11]} 10.
O-O-O {[%clk 01:18:45]} {[%emt 00:00:15]} O-O-O {[%clk 01:18:41]} {[%emt
00:00:11]} 11. g3 {[%clk 01:18:23]} {[%emt 00:00:52]} Ne5 {[%clk 01:14:40]}
{[%emt 00:04:31]} 12. Bxb6 {[%clk 01:16:08]} {[%emt 00:02:46]} axb6 {[%clk
01:15:02]} {[%emt 00:00:08]} 13. Bg2 {[%clk 01:15:25]} {[%emt 00:01:12]} g5
{[%clk 00:54:16]} {[%emt 00:21:16]} 14. h3 {[%clk 01:06:39]} {[%emt 00:09:17]}
h5 {[%clk 00:50:00]} {[%emt 00:04:45]} 15. f4 {[%clk 01:03:44]} {[%emt
00:03:25]} gxf4 {[%clk 00:50:15]} {[%emt 00:00:16]} 16. gxf4 {[%clk 01:04:05]}
{[%emt 00:00:09]} Nc6 {[%clk 00:50:03]} {[%emt 00:00:40]} 17. Nd4 {[%clk
01:01:04]} {[%emt 00:03:33]} Bd7 {[%clk 00:45:48]} {[%emt 00:04:44]} 18. Ncb5
{[%clk 00:54:30]} {[%emt 00:07:04]} Nxd4 {[%clk 00:28:51]} {[%emt 00:17:27]}
19. Nxd4 {[%clk 00:54:05]} {[%emt 00:00:55]} Rde8 {[%clk 00:21:16]} {[%emt
00:08:05]} 20. Rhe1 {[%clk 00:49:58]} {[%emt 00:04:37]} Ng8 {[%clk 00:14:16]}
{[%emt 00:07:28]} 21. Qd3 {[%clk 00:45:18]} {[%emt 00:05:12]} f6 {[%clk
00:13:17]} {[%emt 00:01:29]} 22. Qa3 {[%clk 00:42:35]} {[%emt 00:03:14]} Kb8
{[%clk 00:11:28]} {[%emt 00:02:18]} 23. Qf3 {[%clk 00:41:26]} {[%emt 00:01:28]}
Bc8 {[%clk 00:09:50]} {[%emt 00:02:18]} 24. Qa3 {[%clk 00:36:50]} {[%emt
00:05:02]} Bd7 {[%clk 00:07:31]} {[%emt 00:02:51]} 25. Qf3 {[%clk 00:36:06]}
{[%emt 00:01:17]} Bc8 {[%clk 00:07:40]} {[%emt 00:00:22]} 26. Nf5 {[%clk
00:33:44]} {[%emt 00:02:52]} Qf7 {[%clk 00:07:24]} {[%emt 00:00:44]} 27. Re3
{[%clk 00:27:46]} {[%emt 00:06:30]} Ne7 {[%emt 00:03:51]} 1/2-1/2

[Event "DEM U10w 2023"]
[Site "Willingen GER"]
[Date "2023.05.31"]
[Round "7"]
[White "Kühn, Nicole"]
[Black "Shynkar, Daria"]
[Result "0-1"]
[Termination "normal"]
[Board "3"]
[WhiteElo "1048"]
[BlackElo "1179"]
[WhiteClock "00:44:50"]
[BlackClock "00:47:10"]
[PlyCount "60"]
[WhiteFideId "34610510"]
[BlackFideId "34163212"]
[EventCountry "GER"]
[EventRounds "11"]
[EventType "swiss"]
[EventDate "2023.05.27"]

1. e4 {[%clk 01:15:22]} {[%emt 00:00:37]} c5 {[%clk 01:15:55]} {[%emt
00:00:06]} 2. b3 {[%clk 01:15:06]} {[%emt 00:00:46]} Nc6 {[%clk 01:16:20]}
{[%emt 00:00:06]} 3. Bb2 {[%clk 01:14:24]} {[%emt 00:01:12]} e5 {[%clk
01:16:42]} {[%emt 00:00:08]} 4. Bc4 {[%emt 00:01:51]} Nf6 {[%clk 01:16:15]}
{[%emt 00:00:43]} 5. d3 {[%clk 01:11:26]} {[%emt 00:02:20]} a6 {[%clk
01:15:44]} {[%emt 00:01:02]} 6. a4 {[%clk 01:09:57]} {[%emt 00:01:58]} Be7
{[%clk 01:14:53]} {[%emt 00:01:22]} 7. Ne2 {[%clk 01:07:55]} {[%emt 00:02:31]}
Rb8 {[%clk 01:14:20]} {[%emt 00:01:02]} 8. Nbc3 {[%clk 01:06:18]} {[%emt
00:02:08]} d6 {[%clk 01:11:48]} {[%emt 00:03:03]} 9. h3 {[%clk 01:05:45]}
{[%emt 00:01:02]} Na5 {[%clk 01:11:56]} {[%emt 00:00:22]} 10. Nd5 {[%clk
01:04:38]} {[%emt 00:01:37]} Nxc4 {[%clk 01:11:14]} {[%emt 00:01:12]} 11. Nxf6+
{[%clk 01:04:34]} {[%emt 00:00:34]} Bxf6 {[%clk 01:11:39]} {[%emt 00:00:06]}
12. bxc4 {[%emt 00:00:30]} Bd7 {[%clk 01:11:16]} {[%emt 00:00:52]} 13. O-O
{[%clk 01:04:13]} {[%emt 00:00:52]} O-O {[%clk 01:10:46]} {[%emt 00:01:00]} 14.
f4 {[%clk 01:01:03]} {[%emt 00:03:40]} Qe7 {[%clk 01:08:04]} {[%emt 00:03:11]}
15. fxe5 {[%clk 00:59:26]} {[%emt 00:02:07]} Bxe5 {[%clk 01:08:26]} {[%emt
00:00:09]} 16. c3 {[%clk 00:56:05]} {[%emt 00:03:50]} b5 {[%clk 01:08:16]}
{[%emt 00:00:40]} 17. d4 {[%clk 00:55:21]} {[%emt 00:01:14]} Bf6 {[%clk
01:06:51]} {[%emt 00:01:54]} 18. cxb5 {[%clk 00:52:54]} {[%emt 00:02:58]} axb5
{[%clk 01:06:45]} {[%emt 00:00:36]} 19. axb5 {[%clk 00:52:25]} {[%emt
00:00:59]} Bxb5 {[%clk 01:04:12]} {[%emt 00:03:03]} 20. Qc2 {[%clk 00:52:26]}
{[%emt 00:00:29]} Rfe8 {[%clk 01:02:33]} {[%emt 00:02:09]} 21. c4 {[%clk
00:51:32]} {[%emt 00:01:25]} Qxe4 {[%clk 01:01:53]} {[%emt 00:01:09]} 22. Qxe4
{[%clk 00:47:39]} {[%emt 00:04:23]} Rxe4 {[%clk 01:02:16]} {[%emt 00:00:07]}
23. Nc3 {[%clk 00:47:37]} {[%emt 00:00:33]} Bxd4+ {[%clk 01:02:39]} {[%emt
00:00:07]} 24. Kh1 {[%clk 00:47:37]} {[%emt 00:00:27]} Bxc3 {[%clk 01:03:06]}
{[%emt 00:00:05]} 25. Bxc3 {[%clk 00:47:45]} {[%emt 00:00:21]} Bxc4 {[%clk
01:02:50]} {[%emt 00:00:47]} 26. Rfd1 {[%clk 00:48:07]} {[%emt 00:00:07]} Re6
{[%clk 00:58:23]} {[%emt 00:04:56]} 27. Ba5 {[%clk 00:47:41]} {[%emt 00:00:59]}
Rc8 {[%clk 00:50:51]} {[%emt 00:07:55]} 28. Rab1 {[%clk 00:47:24]} {[%emt
00:00:43]} d5 {[%clk 00:47:36]} {[%emt 00:03:56]} 29. Bb6 {[%clk 00:47:30]}
{[%emt 00:00:23]} h6 {[%emt 00:03:30]} 30. Rbc1 {[%clk 00:44:50]} {[%emt
00:00:43]} Rxb6 {[%clk 00:47:10]} {[%emt 00:00:24]} 0-1